Latin America Update /
Bewaard in:
| Formaat: | Boek |
|---|---|
| Taal: | English |
| Gepubliceerd in: |
Washington:
Washington Office on Latin America
|
| Onderwerpen: | |
| Tags: |
Voeg label toe
Geen labels, Wees de eerste die dit record labelt!
|
MARC
| LEADER | 00000nam a22000007a 4500 | ||
|---|---|---|---|
| 003 | cru CIDCACS/IIS | ||
| 005 | 20200513101330.0 | ||
| 008 | 200513n wau|||p|r||||||0| ||eng|d | ||
| 999 | |c 43130 |d 43130 | ||
| 022 | |a 0738601X | ||
| 040 | |c cru CIDCACS/IIS | ||
| 090 | |a REV0618 | ||
| 245 | |a Latin America Update / |c Washington Office on Latin America | ||
| 260 | |a Washington: |b Washington Office on Latin America | ||
| 270 | |a 100 Maryland ave., n.e Washington, D.C. 20002 | ||
| 500 | |a EXISTENCIAS : 1978 (ene.-feb., may.-jun., nov.-dic.) 1979 (ene.-mar., may.-jun., ago.-dic.) 1980 5 (ene., 2-6) 1981 (1-6) 1982 7 (1-6) 1983 8 (1, *esp., 3-6) 1984 9 (1-6) 1985 10 (1-6) 1986 11 (1-6) 1987 12 (1-6) 1988 13 (1-6) 1989 14 (1-6) 1990 15 (1-4, 6) 1991 16 (1-2) | ||
| 650 | 0 | |9 378 |a GUERRA | |
| 650 | 0 | |9 3066 |a ASPECTOS POLITICOS | |
| 650 | 0 | |9 2520 |a CRISIS | |
| 650 | 0 | |9 83 |a DEMOCRACIA | |
| 650 | 0 | |9 138 |a PAZ | |
| 651 | 0 | |9 17 |a AMERICA LATINA | |
| 942 | |2 ddc |c PP | ||
